The potato ; a compilation of information from every available source /

Bibliographic Details
Main Author: Grubb, Eugene H., 1850-
Other Authors: Guilford, William Sumner, 1862-
Format: Book
Language:English
Published: Garden City, New York : Doubleday, Page & company, 1912.
Series:The farm library
Subjects:

MARC

Tag First Indicator Second Indicator Subfields
LEADER 00000cam a2200000 4500
001 in00000048827
005 20151007075701.0
008 750826s1912 nyubcde 00010 eng
010 |a  12021939  
035 |a (OCoLC)01573005 
035 |9 AAF3653AM 
040 |a DLC  |c FQG  |d TXA  |d UtOrBLW 
049 |a TXAM  |c [1444] 
050 0 0 |a SB211.P8  |b G85 
092 |a 633.491  |b G885p 
100 1 |a Grubb, Eugene H.,  |d 1850- 
245 1 4 |a The potato ;  |b a compilation of information from every available source /  |c by Eugene H. Grubb ... and W. S. Guilford ... 
264 1 |a Garden City, New York :  |b Doubleday, Page & company,  |c 1912. 
300 |a 9 pages ., 3-545 pages :  |b frontispiece, plates, portraits, maps, plan, chart. ;  |c 23 cm. 
336 |a text  |b txt  |2 rdacontent 
337 |a unmediated  |b n  |2 rdamedia 
338 |a volume  |b nc  |2 rdacarrier 
490 0 |a The farm library 
650 0 |a Potatoes. 
700 1 |a Guilford, William Sumner,  |d 1862- 
999 |a MARS 
999 f f |s 3c693140-a45f-3799-b49c-c8961714a2d7  |i 4bb6cb1e-14df-34d6-86ca-d1ac7adf4860  |t 0 
952 f f |p ric  |a Texas A&M University  |b Rellis Campus  |c Joint Library Facility  |d Remote Storage  |t 0  |e SB211.P8 G85  |h Library of Congress classification  |i unmediated -- volume  |m A14801073744 
998 f f |a SB211.P8 G85  |t 0  |l Remote Storage